V Gemerskej Hôrke idú príkladom Spolupráca miestnej samosprávy a podnikateľskej sféry

Bibliographic Details
Main Author: -Jkč- (Author)
Corporate Authors: Mölnlycke (Gemerská Hôrka, Slovensko) (Author), Gemerská Hôrka (Slovensko). Obecné zastupiteľstvo (Author)
Format: Article
Language:Slovak
Subjects:

MARC

LEADER 00000nab a2200000 a 4500
001 vtls001001032
003 SK-MaSNL
005 20260304225949.0
008 040720e19960130xo 0 slo
035 |a RV1632 
040 |a RVGKPD  |b slo  |c RVGKPD  |e AACR2 
041 0 |a slo 
044 |a xo  |c SK 
080 |a 352.075.31  |2 1981 
080 |a 676.2  |2 1981 
100 0 |a -Jkč-  |4 aut  |9 1024480 
245 1 0 |a V Gemerskej Hôrke idú príkladom  |b Spolupráca miestnej samosprávy a podnikateľskej sféry 
300 |b 1 foto 
610 2 7 |a Mölnlycke (Gemerská Hôrka, Slovensko)  |2 RVGKPD  |9 58570 
610 1 7 |a Gemerská Hôrka (Slovensko).  |b Obecný úrad  |2 RVGKPD  |9 176043 
650 0 7 |a spolupráca  |2 RVGKPD  |9 20291 
651 7 |a Gemerská Hôrka (Slovensko)  |2 RVGKPD  |9 26359 
655 7 |a periodikum  |2 snkbucl  |9 29553 
710 2 |a Mölnlycke (Gemerská Hôrka, Slovensko)  |4 aut  |9 58570 
710 2 |a Gemerská Hôrka (Slovensko).  |b Obecné zastupiteľstvo  |4 aut  |9 176040 
773 0 8 |t Zora Gemera  |g Roč. 45, č.5, 30.1.1996, s. 1 
852 |a ZVYKNI  |b KIS3GCP 
999 |c 3180621  |d 3182551